Statistiques concernant Les pays les moins peuplés

Cliquez ici pour prendre le quiz!

Statistiques générales

  • Ce quiz a été pris 144 fois
  • Le résultat moyen est 15 sur 27

Statistiques - réponses

pays% Correct
Vatican
94%
Andorre
84%
Monaco
84%
Saint-Marin
81%
Liechtenstein
77%
Tuvalu
73%
Micronésie
70%
Nauru
70%
Tonga
70%
Saint-Christophe-
et-Niévès
69%
Saint-Vincent-et-les-
Grenadines
68%
Kiribati
67%
Samoa
66%
Îles Marshall
65%
Grenade
62%
Antigua-et-Barbuda
57%
Palaos
57%
Sao Tomé-et-Principe
57%
Seychelles
55%
Dominique
54%
Groenland
19%
Îles Féroé
16%
Îles Cook
14%
Niue
14%
Aruba
9%
Curaçao
9%
Sint Maarten
4%

Distribution des résultats

Percentile par nombre de réponses

% des personnes avec chaque résultat

Votre développement - résultats

Vous n’avez pas pris ce quiz